000 00589cam a2200205 4500
001 M1956
008 090401t1987 xxu||||| |||| 00| 0 eng d
035 _a(Sirsi) u35580
041 _aeng
050 _a333.337
110 _aDebenham Tewson and Chinnocks
_93135
245 _aShop rents and rates.
260 _aLondon
_bDebenham Tewson & Chinnocks
_c1987
300 _a21p. ; 30cm.
350 _a0
520 _aincludes special survey of town centre retail developments.
690 _aPROPERTY-COMMERCIAL PROPERTY-COMMERCIAL PROPERTY MARKET
942 _n0
948 _c04/03/1997
999 _c90128
_d90128